1978 1463 1123 1587 1271 1818 1707 1131 1484 1466 1108 1044 1275 1691 1910 1506 1097 1158 1468 1428 1662 1057 1452 1604 1409 1422 1396 1938 1849 1554 1068 1645 1028 1387 1549 1236 1060 1579 1482 1448 1252 1407 1337 1319 1973 1945 1934 1207 1393 1458 1409 1152 1988 1982 1914 1360 1299 1813 1111 1823 1005 1125 1357 1901 1927 1693 1053 1805 1577 1510 1215 1656 1637 1151 1601 1833 1742 1546 1291 1851 1806 1554 1388 1901 1145 1455 1281 1876 1579 1667 1000 1787 1458 1842 1779 1969 1235 1444 1882 BCNSPRNW ULIB Ver.6.0+V

เปลี่ยนเป็นภาษาไทย

Change to English
 แสดงรายละเอียดบรรณานุกรม
  กลับหน้าหลัก

Brief Record : Get Marc (ISO 2709) : E-mail record : QR code < ปิดหน้าต่าง
LEADER : 00000nam 2200000uu 4500
001    13399127076
003     ULIB
008    020711s2562 th a 000 0 tha d
020    ^a9786160444465
060    ^aWS103^bS-ค
100    ^aSEUNGHYUN YANG
245    ^aคุณตุ่นกับกล้องสุดเจ๋ง! ชุดนิทานวิทยาศาสตร์พัฒนาทักษะสมอง EF (เรียนรู้เรื่องกระดูกและกล้ามเนื้อ)
250    ^aพิมพ์ครั้งที่ 1
260    ^aกรุงเทพฯ :^bนานมีบุ๊คส์คิดดี้,^c2562
300    ^a28 หน้า;^b21 ซม.
650    ^aเด็ก^xการเรียนการสอน
945    ^p98^l0^i006264
999    ^aประนอม เกษจรัล
รายการนี้ยังไม่มีแท็ก
คุณยังไม่ได้ล็อกอิน คุณสามารถมีกิจกรรมร่วมกับเว็บไซต์ได้ แต่ต้องล็อกอินก่อน ::
  ล็อกอิน

รายการสื่อสารสนเทศ

ลำดับที่ ประเภท เลขเรียก/บาร์โค้ด สถานที่ สถานะ
1. วิทยาศาสตร์การแพทย์ และสุขภาพ
วิทยาศาสตร์การแพทย์ และสุขภาพ
WS103 S-ค ฉ.1 
  Barcode: 006264
ห้องสมุดวิทยาเขตสวรรค์ประชารักษ์
►หนังสือทั่วไป
บนชั้น

รายการใกล้เคียง
    ผู้แต่ง [SEUNGHYUN YANG]

BibComment


ยังไม่เคยถูกคอมเมนท์

คอมเมนท์ทรัพยากรรายการนี้
  คอมเมนท์: คุณตุ่นกับกล้องส..


 Copyright 2026. Bcnsprnw @Library